| 000 | 01270nam a2200397 i 4500 | ||
|---|---|---|---|
| 001 | 30185 | ||
| 003 | KOSZ 005 | ||
| 005 | 20200730101009.0 | ||
| 008 | s1994 pl f |000 0 pol | ||
| 020 | _a8386093110 | ||
| 040 |
_cKOSZ 005 _aKOSZ 005 _dKOSZ 005/EG |
||
| 041 | 0 | _apl | |
| 080 | _a342.951 | ||
| 080 | _a336.7 | ||
| 080 | _a(438) | ||
| 080 | _a(094.4) | ||
| 245 | 0 | 0 |
_aPrawo papierów wartościowych : _bzbiór przepisów / _copracował Piotr Bielski. |
| 250 | _aStan prawny na dzień 24 maja 1994 r. | ||
| 260 |
_aGdańsk : _bWydaw. Prawnicze LEX, _c1994. |
||
| 300 |
_a248, [1] s. ; _c21 cm. |
||
| 336 |
_2rdacontent _aTekst _btxt |
||
| 337 |
_2rdamedia _aBez urządzenia pośredniczącego _bn |
||
| 338 |
_2rdacarrier _aWolumin _bnc |
||
| 380 | _aKsiążki | ||
| 388 | _a1901-2000 | ||
| 388 | _a1989-2000 | ||
| 490 | 1 | _aZbiory Przepisów | |
| 650 | 7 | _aPapiery wartościowe | |
| 650 | 7 | _aPrawo | |
| 658 | _aPrawo i wymiar sprawiedliwości | ||
| 700 | 1 |
_aBielski, Piotr. _eOpracowanie |
|
| 710 | 2 |
_aWydawnictwo Prawnicze Lex _4pbl |
|
| 830 | _aZbiory Przepisów | ||
| 856 |
_uhttp://koha.tu.koszalin.pl/cgi-bin/koha/opac-detail.pl?biblionumber=30185 _yKatalog online BPK |
||
| 942 |
_cKS _2UKD |
||
| 999 |
_c30185 _d30185 |
||